000 00290 a2200109 4500
020 _a0727729667
082 _a624.1513 TRE
100 _aTrenter, N A
245 _aEarthworks: A Guide/
_cN A Trenter
260 _aLondon :
_bThomas Telford Publishing,
_c2001
300 _axiv, 265p. :
_bill. ;
_c25 cm
650 _aEarthwork
999 _c1007
_d1007